000 00428nam a2200133Ia 4500
008 231129s9999||||xx |||||||||||||| ||spa||
020 _a958-9138-58-6
040 _bspa
082 _a649.1 C718p
100 _aColombia. Presidencia de la Republica.
245 0 _aPor nuestros ninos : programas para su proteccion y desarrollo en Colombia
264 _aVillegas Editores
942 _2ddc
_cBKS
999 _c23060
_d23060